[Event "IECG QF.2001.0.00008"]
[Site "IECG email"]
[Date "2001.10.18"]
[Round "?"]
[White "Sartirani, Daniele"]
[Black "Marcus, Frank"]
[Result "0-1"]
[WhiteElo "1000"]
[BlackElo "1176"]
[PlyCount "44"]
[EventDate "2001.10.18"]
[EventType "tourn (corr)"]
[EventRounds "6"]
[SourceTitle "Corr 2008"]
[Source "ChessBase"]
[SourceDate "2008.06.24"]
[SourceVersion "1"]
[SourceVersionDate "2008.06.24"]
[SourceQuality "1"]

1. d4 d5 2. c4 Nf6 3. Nc3 e6 4. cxd5 Nxd5 5. e4 Nb6 6. Bf4 Bb4 7. a3 Bxc3+ 8. bxc3 Nc6 9. Qg4 g6 10. Qg3 e5 11. Bxe5 0-0 12. Bxc7 Qd7 13. d5 Re8 14. dxc6 Rxe4+ 15. Be2 Qxc6 16. Rd1 Nd5 17. Be5 Bf5 18. f3 Re3 19. Bd4 Nxc3 20. Bxe3 Nxd1 21. Bxd1 Qc3+ 22. Bd2 Re8+ 0-1